Central Library OPAC University of Rajshahi

The head and heart of Thomas Jefferson / (Record no. 28162)

MARC details
000 -LEADER
fixed length control field 00747cam a2200253u 4500
001 - CONTROL NUMBER
control field 28162
003 - CONTROL NUMBER IDENTIFIER
rucl marc code BD-RjUL
005 - DATE AND TIME OF LATEST TRANSACTION
control field 20211209051239.0
008 - FIXED-LENGTH DATA ELEMENTS--GENERAL INFORMATION
fixed length control field 140329s1954 nyuc 001 0beng
035 ## - SYSTEM CONTROL NUMBER
System control number (BD-RjUL)28243
040 ## - CATALOGING SOURCE
Original cataloging agency DLC
Transcribing agency CarP
Modifying agency DLC
-- BD-RjUL
Language of cataloging eng
041 ## - LANGUAGE CODE
Language code of text/sound track or separate title eng
051 ## - LIBRARY OF CONGRESS COPY, ISSUE, OFFPRINT STATEMENT
Classification number E332
Item number .D6 Copy 3
Copy information Another copy.
082 ## - DEWEY DECIMAL CLASSIFICATION NUMBER
Classification number 917.8042
Author mark and year PAH 1954
100 1# - MAIN ENTRY--PERSONAL NAME
Personal name Dos Passos, John.
Dates associated with a name 1896-1970.
9 (RLIN) 86286
245 14 - TITLE STATEMENT
Title The head and heart of Thomas Jefferson /
Statement of responsibility, etc. John Dos Passos.
260 ## - PUBLICATION, DISTRIBUTION, ETC. (IMPRINT)
Place of publication, distribution, etc. Garden City, N.Y. :
Name of publisher, distributor, etc. Doubleday,
Date of publication, distribution, etc. c1954.
300 ## - PHYSICAL DESCRIPTION
Pagination vi, 442 p. :
Illustrations port. ;
Size 22 cm.
504 ## - BIBLIOGRAPHY, ETC. NOTE
Bibliography, etc Includes Index.
600 10 - SUBJECT ADDED ENTRY--PERSONAL NAME
Personal name Jefferson, Thomas,
Dates associated with a name 1743-1826.
942 ## - ADDED ENTRY ELEMENTS (KOHA)
Source of classification or shelving scheme Dewey Decimal Classification
Koha item type Books
Holdings
Lost status Source of classification or shelving scheme Damaged status Not for loan Collection code Permanent Location Current Location Shelving location Date acquired Source of acquisition Cost, normal purchase price Total Checkouts Full call number Date last seen Copy number Koha item type
  Dewey Decimal Classification     Non-fiction Central Library, University of Rajshahi Central Library, University of Rajshahi   11/02/1958 U.S.I.S Gift 0.00   917.8042 PAH 1954 29/03/2014 C-1 Books
  Dewey Decimal Classification     Non-fiction Central Library, University of Rajshahi Central Library, University of Rajshahi   11/09/1990 N/A 0.00   917.8042 PAH 1954 26/02/2017 C-2 Books